A textbook of Practical Physiology (Record no. 4382)

MARC details
000 -LEADER
fixed length control field 00424nam a2200181Ia 4500
003 - CONTROL NUMBER IDENTIFIER
control field SGT
005 - DATE AND TIME OF LATEST TRANSACTION
control field 20250701110030.0
008 - FIXED-LENGTH DATA ELEMENTS--GENERAL INFORMATION
fixed length control field 150201s2008 xx 000 0 und d
040 ## - CATALOGING SOURCE
Transcribing agency SGTU
082 ## - DEWEY DECIMAL CLASSIFICATION NUMBER
Classification number 612
Item number P2008G
100 ## - MAIN ENTRY--PERSONAL NAME
Personal name GHAI, C. L.
245 ## - TITLE STATEMENT
Title A textbook of Practical Physiology
250 ## - EDITION STATEMENT
Edition statement 7TH
260 ## - PUBLICATION, DISTRIBUTION, ETC. (IMPRINT)
Name of publisher, distributor, etc. JAYPEE MEDICAL PUBLISHER
Place of publication, distribution, etc. DELHI
Date of publication, distribution, etc. 2008
300 ## - PHYSICAL DESCRIPTION
Extent 400
650 ## - SUBJECT ADDED ENTRY--TOPICAL TERM
Topical term or geographic name as entry element PHYSIOLOGY
942 ## - ADDED ENTRY ELEMENTS (KOHA)
Source of classification or shelving scheme Dewey Decimal Classification
Koha item type Books
Holdings
Withdrawn status Lost status Source of classification or shelving scheme Damaged status Not for loan Home library Current library Date acquired Source of acquisition Cost, normal purchase price Serial Enumeration / chronology SGTU Bill Number Total Checkouts Full call number Barcode Date last seen Date last checked out Bill Date Koha item type
    Dewey Decimal Classification     SGT Dental Library SGT Dental Library 01/11/2009 U.B.S.DELHI 275.00 1 SGTU 671 2 612 P2008G FD5943 15/09/2025 04/09/2025 02/03/2013 Books